000 00346nam a22001337a 4500
008 170307b xxu||||| |||| 00| 0 eng d
020 _a9780205168576
041 _aeng
080 _22ND
_a611
100 _a6
101 _aSHM
245 _aINSTRUCTIONAL METHODS FOR ADOLESCENTS WITH LEARNING AND BEHAVIOUR PROBLEMS
_cWATKINS, C
942 _2udc
_cBK
999 _c7051
_d7051